000 00502nam a22001697a 4500
005 20240402084355.0
008 240315b |||||||| |||| 00| 0 eng d
022 _a02577747
041 _aAfrikaans / English
082 _a349 TYD
100 _lAfrikaans / English
245 _aTydskrif vir die Suid-Afrikaanse reg
260 _aKaapstad :
_bJuta en Kie Beperk,
_c2023
300 _b187 blaadsye ;
_c25 cm.
650 _aLegal practice
_bLaw
942 _cCR
_6ALISON_BN_VRIES
999 _c1457
_d1457